Города с самым большим числом небоскрёбов - Statistics

General Stats
  • This quiz has been taken 22 times
  • The average score is 8 of 20
Answer Stats
# Город % Correct
19 Москва
93%
5 Дубай
87%
8 Шанхай
87%
11 Токио
87%
3 Нью-Йорк
80%
6 Гуанчжоу
53%
13 Чикаго
47%
20 Сингапур
47%
1 Гонконг
40%
16 Торонто
40%
4 Мумбаи
33%
9 Бангкок
33%
15 Джакарта
33%
10 Куала-Лумпур
27%
7 Ухань
20%
12 Чунцин
13%
14 Чэнду
7%
18 Ханчжоу
7%
2 Шэньчжэнь
0%
17 Шэньян
0%
No matching quizzes found
Score Distribution
Percent of People with Each Score
Percentile by Number Answered
Your Score History
You have not taken this quiz